| 000 | 00375nam a2200157Ia 4500 | ||
|---|---|---|---|
| 008 | 230711s9999||||xx |||||||||||||| ||und|| | ||
| 041 | _aENG | ||
| 082 |
_a720 _bCA-R |
||
| 100 | _aCarpenter,Philip Lee | ||
| 245 | 0 | _aResidential landscaping | |
| 250 | _a1st . Ed. | ||
| 260 |
_c1983 _aNew York _bPDA Publishers Corp |
||
| 300 | _a143 | ||
| 650 | _aArchitecture | ||
| 942 | _cBK | ||
| 999 |
_c3341 _d3341 |
||